00520nam a2200145 i 450000100060000000300090000600500170001500700030003200800410003510000390007624501600011526000550027530000210033085200230035193567ES-MaACL20250907063054.0t|050414s1914 po ||||1| por d1 aLopes-Vieira, Affonso, d1878-194712aA poesia dos paineis de S. Vicente b: conferencia rializada no Museu Nacional de Arte Antiga de Lisboaaos 26 de dezembro de 1914 / cAffonso Lopes Vieira. aLisboa : bEdic̀§ao dos "Amigos" do Museu, c1914. a39 p. ; c26 cm. aES-MaACLj1500-F-2